[Event "Cali Masificacion op U2050"]
[Site "Cali"]
[Date "2021.12.28"]
[Round "5"]
[White "Becerra, Danilo"]
[Black "Zuleta, Juan Esteban"]
[Result "1-0"]
[WhiteElo "1600"]
[BlackElo "1809"]
[PlyCount "35"]
[EventDate "2021.12.26"]
[EventType "swiss"]
[EventRounds "7"]
[EventCountry "COL"]
[SourceTitle "CBM 205 Extra"]
[Source "ChessBase"]
[SourceDate "2022.01.31"]
[SourceVersion "1"]
[SourceVersionDate "2022.01.31"]
[SourceQuality "1"]

1. d4 Nf6 2. Nf3 g6 3. g3 c5 4. Bg2 cxd4 5. Nxd4 Nc6 6. 0-0 Bg7 7. Nc3 0-0 8. Bf4 Nh5 9. Be3 e5 10. Ndb5 a6 11. Nd6 f5 12. Qd5+ Kh8 13. Nf7+ Rxf7 14. Qxf7 f4 15. Bc5 fxg3 16. fxg3 d6 17. Rad1 Qa5 18. Qe8+ 1-0

[Event "Cali Masificacion op U2050"]
[Site "Cali"]
[Date "2021.12.26"]
[Round "1"]
[White "Torres, Jeysson Steve"]
[Black "Becerra, Danilo"]
[Result "1-0"]
[WhiteElo "1969"]
[BlackElo "1600"]
[PlyCount "39"]
[EventDate "2021.12.26"]
[EventType "swiss"]
[EventRounds "7"]
[EventCountry "COL"]
[SourceTitle "CBM 205 Extra"]
[Source "ChessBase"]
[SourceDate "2022.01.31"]
[SourceVersion "1"]
[SourceVersionDate "2022.01.31"]
[SourceQuality "1"]

1. e4 d6 2. d4 g6 3. Be3 Bg7 4. Bd3 a6 5. Ne2 Nd7 6. c3 b5 7. a4 c6 8. axb5 cxb5 9. Bxb5 Bb7 10. Bd3 Ngf6 11. f3 0-0 12. 0-0 Qb6 13. Qd2 Qc7 14. Na3 Nb6 15. Ra2 Nfd7 16. b4 e5 17. d5 Rfc8 18. Rc1 Nf6 19. c4 Qe7 20. Bxb6 1-0